Normal view
MARC view
Entry Uniform Title
001 - CONTROL NUMBER
- control field: 974
003 - CONTROL NUMBER IDENTIFIER
- control field: ARRUPE
005 - DATE AND TIME OF LATEST TRANSACTION
- control field: 20130924134646.0
008 - FIXED-LENGTH DATA ELEMENTS
- fixed length control field: 130924|| aca||aabn | a|a d
040 ## - CATALOGING SOURCE
- Original cataloging agency: ARRUPE
- Transcribing agency: ARRUPE
130 ## - HEADING--UNIFORM TITLE
- Uniform title: Bible.
- Name of part/section of a work: New Testament
- General subdivision: Hermeneutics.
670 ## - SOURCE DATA FOUND
- Source citation: Work cat.: (ARRUPE)0: Meyer, Ben F., 1927- 972, Reality and illusion in New Testament scholarship :, c1995.